En vivo desde América : cómo la TV latina conquistó Estados Unidos /

Estudio sobre las disputas de poder respecto al manejo de la cadena de televisión Univisión. El autor señala que el canal logró aumentar su audiencia y adquirir una identidad cuando se empezó a dirigir al público latino en Estados Unidos, y cuando decidió usar el español como el único idioma en el c...

Descripció completa

Guardat en:
Dades bibliogràfiques
Autor principal: Marín, Javier (autor)
Format: Llibre
Idioma:espanyol
Publicat: México : Planeta, 2025, c2025
Matèries:
Etiquetes: Afegir etiqueta
Sense etiquetes, Sigues el primer a etiquetar aquest registre!

MARC

LEADER 00000nam^a2200000^a^4500
001 000627523
005 20260203000000.0
009 20260310134054.83
020 |a 978-607-39-3163-2 
037 |a Acervo ITESO - Biblioteca 
041 |a ESP 
082 |a 302. 2340973  |b MAR 
100 |a Marín, Javier  |e (autor) 
245 1 3 |a En vivo desde América :  |b cómo la TV latina conquistó Estados Unidos /  |c J. Marín. 
264 4 |a México :  |b Planeta,  |c 2025, c2025 
300 |a 366 p. 
336 |a texto  |b txt  |2 rdacontenido 
337 |a sin mediación  |b n  |2 rdamedio 
338 |a volumen  |b nc  |2 rdasoporte 
520 |a Estudio sobre las disputas de poder respecto al manejo de la cadena de televisión Univisión. El autor señala que el canal logró aumentar su audiencia y adquirir una identidad cuando se empezó a dirigir al público latino en Estados Unidos, y cuando decidió usar el español como el único idioma en el canal televisivo. Señala que mientras la audiencia quedó cautiva ante la programación de Univisión, a nivel empresarial se caracterizó por un estira y afloja entre los accionistas norteamericanos y los empresarios mexicanos (entre ellos Emilio Acárraga Milmo “El Tigre”) que la dirigían. 
521 |a FIL 2025 DIA 
649 |a XX 
650 |a Mexicanos en EUA -  |x Condiciones Sociales y Culturales 
650 |a Latinos en EUA -  |x Condiciones Sociales y Culturales -  |x Tema Principal 
650 |a Español en EUA -  |x Aspectos Sociales y Culturales 
650 |a Televisión -  |z EUA -  |x Historia -  |y Siglo XX -  |x Tema Principal 
650 |a Medios Audiovisuales -  |z EUA -  |x Historia 
650 |a Medios de Comunicación -  |z EUA -  |x Historia 
650 |a Comunicación -  |z EUA -  |x Historia 
650 |a Anselmo, René 
650 |a Azcárraga Vidaurreta, Emilio 
650 |a Azcárraga Milmo, Emilio 
910 |a Fondo General 
920 |a Impresos - Libros 
930 |a Colección General 
905 |a 101 
901 |a 627523-10  |b IT1  |c ACC  |i C191776  |u 20260203 
902 |a https://opac.biblio.iteso.mx/vufind/Record/000627523